[Event "Pristina Nderkombetar op"]
[Site "Pristina"]
[Date "2022.06.21"]
[Round "7"]
[White "Krasniqi, Alban"]
[Black "Bujupi, Albert"]
[Result "1-0"]
[WhiteElo "2123"]
[BlackElo "2034"]
[PlyCount "85"]
[EventDate "2022.06.17"]
[EventType "swiss"]
[EventRounds "9"]
[EventCountry "KOS"]
[SourceTitle "CBM 209 Extra"]
[Source "ChessBase"]
[SourceDate "2022.09.30"]
[SourceVersion "1"]
[SourceVersionDate "2022.09.30"]
[SourceQuality "1"]

1. d4 Nf6 2. c4 e6 3. Nc3 d5 4. cxd5 exd5 5. Bg5 Be7 6. e3 c6 7. Bd3 h6 8. Bh4 0-0 9. Nge2 Re8 10. 0-0 Nh5 11. Bxe7 Qxe7 12. Qc2 b5 13. Bxb5 cxb5 14. Nxd5 Qd8 15. Nc7 Bb7 16. Nxe8 Qxe8 17. a3 Nd7 18. Rac1 Nhf6 19. Qd3 Nb6 20. Rc5 Na4 21. Re5 Qc6 22. f3 Nd7 23. Rh5 Nf6 24. Rc1 Nxb2 25. Qxb5 Qb6 26. Qxb6 axb6 27. Rb5 Na4 28. Kf2 Ba6 29. Rb4 b5 30. e4 Nd7 31. Rc7 Ndb6 32. d5 Rc8 33. Rxc8+ Nxc8 34. Nd4 Na7 35. Rb1 Nb6 36. Nb3 Kf8 37. Nc5 Bc8 38. a4 Ke7 39. Ke3 Nxa4 40. Kd4 Bd7 41. e5 Be8 42. Nxa4 bxa4 43. Rb7+ 1-0

[Event "KOS-ch"]
[Site "Pristina"]
[Date "2021.10.20"]
[Round "5"]
[White "Hamiti, Gani"]
[Black "Krasniqi, Alban"]
[Result "0-1"]
[WhiteElo "2145"]
[BlackElo "1964"]
[PlyCount "60"]
[EventDate "2021.10.16"]
[EventType "tourn"]
[EventRounds "9"]
[EventCountry "KOS"]
[SourceTitle "CBM 204 Extra"]
[Source "ChessBase"]
[SourceDate "2021.11.30"]
[SourceVersion "1"]
[SourceVersionDate "2021.11.30"]
[SourceQuality "1"]

1. e4 e5 2. Nf3 Nc6 3. d4 exd4 4. Bc4 Nf6 5. e5 d5 6. Bb5 Ne4 7. Nxd4 Bd7 8. Bxc6 bxc6 9. 0-0 Bc5 10. Be3 Qb8 11. Nc3 Nxc3 12. bxc3 Bxd4 13. Qxd4 0-0 14. Rab1 Qc8 15. f4 Bf5 16. Rf2 Qa6 17. a4 Rfb8 18. Re1 Rb2 19. g4 Be4 20. f5 Rxc2 21. f6 c5 22. Qxc5 Qe6 23. Rxc2 Qxg4+ 24. Kf1 Bxc2 25. Qd4 Qf3+ 26. Bf2 Bd3+ 27. Kg1 Be4 28. Kf1 Rb8 29. Qd2 Qh3+ 30. Ke2 Rb2 0-1

[Event "KOS-ch"]
[Site "Pristina"]
[Date "2021.10.16"]
[Round "1"]
[White "Krasniqi, Alban"]
[Black "Saraci, Korab"]
[Result "1-0"]
[WhiteElo "1964"]
[BlackElo "2163"]
[PlyCount "73"]
[EventDate "2021.10.16"]
[EventType "tourn"]
[EventRounds "9"]
[EventCountry "KOS"]
[SourceTitle "CBM 204 Extra"]
[Source "ChessBase"]
[SourceDate "2021.11.30"]
[SourceVersion "1"]
[SourceVersionDate "2021.11.30"]
[SourceQuality "1"]

1. d4 Nf6 2. c4 e6 3. Nf3 d5 4. g3 Be7 5. Bg2 0-0 6. 0-0 c6 7. Qc2 Nbd7 8. Rd1 Re8 9. b3 Ne4 10. Nc3 Nxc3 11. Qxc3 Bf6 12. Bb2 a5 13. Qc2 Qb6 14. c5 Qc7 15. e4 dxe4 16. Qxe4 Nxc5 17. Qc2 Nd7 18. g4 g6 19. h4 Qf4 20. g5 Bg7 21. Re1 Qf5 22. Qd2 Qb5 23. h5 a4 24. h6 Bh8 25. d5 Qxd5 26. Qe2 Qb5 27. Qd2 e5 28. b4 Nf8 29. Nxe5 Bxe5 30. Bxe5 Rxe5 31. Rxe5 Qxe5 32. Re1 Qf5 33. Re8 f6 34. Qd6 fxg5 35. Qe7 Qf7 36. Qe5 Qd7 37. Qh8+ 1-0

[Event "KOS Cup"]
[Site "Pristina"]
[Date "2020.02.09"]
[Round "1.6"]
[White "Jashari, Ardian"]
[Black "Krasniqi, Alban"]
[Result "0-1"]
[WhiteElo "2106"]
[BlackElo "1946"]
[PlyCount "72"]
[EventDate "2020.02.09"]
[EventType "k.o."]
[EventRounds "5"]
[EventCountry "KOS"]
[SourceTitle "CBM 195 Extra"]
[Source "ChessBase"]
[SourceDate "2020.05.31"]
[SourceVersion "1"]
[SourceVersionDate "2020.05.31"]
[SourceQuality "1"]

1. Nf3 Nf6 2. d4 d5 3. c4 e6 4. Nc3 Be7 5. e3 Nbd7 6. Be2 c6 7. 0-0 0-0 8. Re1 Ne4 9. Qc2 f5 10. a3 Bd6 11. cxd5 exd5 12. b4 a6 13. Bd3 g5 14. Nxe4 dxe4 15. Bxe4 fxe4 16. Qxe4 Nf6 17. Qc2 g4 18. Ne5 Be6 19. e4 Bxe5 20. dxe5 Nh5 21. Be3 Qc7 22. Bc5 Rf4 23. Rad1 Re8 24. Be3 Rff8 25. Bc5 Rf7 26. Qc3 Nf4 27. Bd6 Qd8 28. a4 h5 29. Qg3 h4 30. Qe3 Qg5 31. Rd2 Kh7 32. Kh1 Rg8 33. Rb2 Qh5 34. Bc5 g3 35. h3 Nxg2 36. Qe2 Qxe2 0-1